zpět

Detail výsledku týmu

U Jelena, Liberec

Datum a čas kvízu

31 Celkem bodů Celkový počet nahraných bodů na tomto kvízu bez doplňovacích otázek.
5. Pořadí na kvízu Konečné umístění týmu na tomto kvízu.

Zaznamenané odpovědi

# Otázka Odpověď Body Výsledky
1. První Češka v historii pronikl... Věra Jourová 0
2. O víkendu došlo k teroristický... na Srí Lance 1
3. Ministr kultury Antonín Staněk... Národní galerie; Muzeum umění Olomouc (stačí uvést Národní galerie a Muzeum Olomouc) 1
4. Pošťuchování mezi dvěma e-shop... CZC.cz 1
5. Jaromír Jágr vrátil čtyřmi gól... České Budějovice 1
6. V pondělí v podvečer zachvátil... svatý Ludvík (Louis) 0
7. Jeruzalémský Chrám, dle Bible... Šalamoun (též Šalomoun) 1
8. Tato budova dnes slouží jako p... v Japonsku 1
9. Stavba Národního divadla v Pra... František Josef I. 0
10. Tento mrakodrap najdeme na mís... Freedom Tower (Věž svobody) 0